00721nam a2200241 a 4500001001300000003000900013005001700022008004100039020002300080082001600103100001800119245005300137260003600190300000900226500003500235505001000270650001700280700001800297902000800315942000700323952013200330999001700462nice12345678IN_TiNIC20260116014012.0050524s1995 newa grp 000 0 eng  a014440X c11500a303.66bCAR aCarter, Jimmy aTalking Peaceb a Vision for the Next Generation aNew DelhibPenguin Books c1995 a206p aincludes index and biblioraphy2 aNotes aPeace-Making1 aCarter, Jimmy bSRS cBK 001040708StackRoom-aHMIbHMId2010-03-25g115.00l3m3o303.66 CARp020925r2022-06-29s2022-06-28v115.00w2005-05-24yBK c13448d13448